Die 222 größten Comic - Superhelden & Schurken - Statistiken

Allgemein
  • Dieses Quiz wurde 105 mal gespielt
  • Das Durchschnittsergebnis liegt bei 47 aus 222
Antwortstatistiken
Superheld / Schurke 👿 / 😇 bürgerl. Name oder Hinweis % Korrekt
Batman 😇 Bruce Wayne
92%
Spiderman 😇 Peter Benjamin Parker
87%
Hulk 😇 Dr. Robert Bruce Banner
86%
Iron Man 😇 Anthony "Tony" Stark
86%
Superman 😇 Clark Kent
84%
Thor 😇 Dr. Don Blake & Sigurd Jarlson
79%
Ant - Man 😇 Henry Pym & Scott Lang
78%
Black Widow 👿 ➡ 😇 Natascha Romanoff
75%
Captain America 😇 Steven "Steve" Rogers
75%
Joker 👿 unbekannt (♂, Clown)
75%
Loki 😇 & 😈 L. (aus Asgard)
74%
Deadpool 👿 ➡ 😇 Wade Winston Wilson
71%
Flash 😇 Jay Garrick & "Barry" Allan
70%
Black Panther 😇 T'Challa
69%
Thanos 👿 T. (♂, Herkunft: Saturnmond Titan)
68%
Two Face 👿 Harvey Dent
68%
Hawkeye 😇 Clinton "Clint" Francis Barton
64%
Wonder Woman 😇 Diana Prince
64%
Green Goblin / Grüner Kobold 👿 Norman Osborn
61%
Aquaman 😇 Arthur Curry
60%
Wolverine 😇 James Howlett / Logan
60%
Doctor Strange 😇 Steven Vincent S.
58%
Venom 👿 Eddie Brock
57%
Daredevil 😇 Matthew Michael „Matt“ Murdock
56%
Star - Lord 😇 Peter Jason Quill
56%
Scarlet Witch 😈 ➡ 😇 Wanda Maximoff
55%
War Machine 😇 James „Rhodey“ Rhodes
55%
Die menschliche Fackel /The Human Torch 😇 Jonathan „Johnny“ Storm
52%
Green Lantern 😇 Alan Scott & "Hal" Jordan
52%
Rocket Racoon 😇 R. R. (♂, Waschbär aus Halfworld)
52%
Bucky Barnes / Winter Soldier 😇 ➡ 👿 ➡ 😇 James Buchanan B.
51%
Groot 😇 G. (♂, außerird. Pflanzenwesen)
51%
Magneto 👿 Max Eisenhardt / Eric Magnus Lehnsherr
51%
Captain Marvel 😇 Dr. Walter Lawson, Monica Rambeau& Carol Danvers u.a.
49%
Falcon 😇 Sam Wilson
49%
Robin 😇 Tim Drake
49%
Dr. Doom 👿 Dr. D.(♂, Herrscher über Latveria)
48%
Wasp 😇 Janet van Dyne
48%
Sandman 👿 William Baker / Flint Marko
47%
Green Arrow 😇 Oliver Queen
45%
Quicksilver 😇 Pietro Maximoff
45%
Beast 😇 Dr. Henry „Hank“ McCoy
44%
Das Ding / The Thing 😇 Ben Grimm
44%
Gamora 👿 ➡ 😇 G. (♀, grüne Haut)
43%
Mr. Fantastic 😇 Reed Richards
43%
Supergirl 😇 Kara Zor - El
43%
Pinguin 👿 Oswald Cobblepot
40%
Storm 😇 Ororo Munroe
40%
Professor X 😇 Charles Francis Xavier
39%
Vision 😇 V. (♂, Android)
39%
Die Unsichtbare / Invisible Woman 😇 Susan Richards
38%
Catwoman 👿 Selina Kyle
36%
Punisher 😇 & 😈 Frank Castle
36%
Red Hulk / Rulk 👿 General Thaddeus E. Ross
36%
Batgirl 😇 Betty Kane
34%
Cyclops 😇 Scott Summers
34%
Riddler 👿 Edward Nygma
34%
She - Hulk 😇 Jennifer Walters
34%
Silver Surfer 😇 Norrin Radd
34%
Abomination 👿 Emil Blonsky
32%
Kingpin 👿 Wilson Fisk
32%
Mister Freeze / Iceman 👿 "Bobby" Louis Drake
31%
Echse / Lizard 👿 Dr. Curt Connors
30%
Ego 👿 E. (♂, lebender Planet)
30%
Marvel Girl / Dark Phoenix 😇 & 😈 Jean Grey
30%
Poison Ivy 👿 Pamela Isley
30%
Doctor Octopus 👿 Dr. Otto Gunther Octavius
29%
Drax der Zerstörer 😇 Arthur Douglas
29%
Ghost Rider 😇 Carter Slade, Johnny Blaze u.a.
29%
Mysterio 👿 Quentin Beck
29%
Iron Fist 😇 Danny Rand
27%
Mystique 👿 Raven Darkholme
27%
Ultron 👿 keinen (♂, 🤖)
26%
Adam Warlock 👿 ➡ 😇 A. W. (♂, lebende Waffe)
25%
Blade 😇 Eric Brooks
25%
Carnage 👿 Cletus Kasady
25%
Emma Frost / White Queen 😈 ➡ 😇 E. F. (♀, Diamantkörper)
25%
Moon Knight 😇 Marc Spector
25%
Nightcrawler 😇 Kurt Wagner
25%
Nightwing 😇 Richard "Dick" Grayson
25%
Power Man / Luke Cage 😇 Carl Lucas
25%
Red Skull 👿 Johann Schmidt & Albert Malik
25%
Howard the Duck 😇 H. the D. (♂, humanoide Ente)
23%
Scarecrow 👿 Dr. Jonathan Crane
23%
Gambit 👿 Remy LeBeau
22%
Jessica Jones 😇 J. J. (♀, Unfall mit chem. Substanz)
22%
Shazam 😇 Jebediah O'Keenan & Billy Batson
22%
Deathstroke 😇 Slade Wilson
21%
Galactus 👿 Galan von Taa
21%
Kraven the Hunter 👿 Sergei Kravinoff
21%
Erik Killmonger 👿 N'Jadaka / E. Stevens
19%
Rhino 👿 Aleksei Mikhailovich Sytsevich
19%
Black Cat 👿 ➡ 😇 Felicia Hardy
18%
Elektra 👿 E. Natchios
18%
Pyro 👿 St. John Allerdyce
18%
Elektro 👿 Maxwell Dillon
17%
Killer Kane 👿 Major Coe K.
17%
Mad Hatter 👿 Jervis Tetch
17%
Mephisto 👿 M. (Inkarnation des Teufels)
16%
Angel 😇 Warren Worthington III.
14%
Superboy 😇 Conner Kent / Kon-El
14%
Black Canary 😇 unbekannt (♀, Sonarschrei)
13%
Cable 😇 Nathan Summers
13%
Colossus 😇 Piotr Nikolaievitch Rasputin
13%
Geier / Vulture 👿 Adrian Toomes
13%
Kang der Eroberer 👿 Nathaniel Richards
13%
Apocalypse 👿 En Sabah Nur
12%
Hawkman 😇 unbekannt (♂, goldener Falke)
12%
Hellboy 😇 Anung Un Rama
12%
Morbius / The Living Vampire 👿 Michael M.
12%
Rogue 👿 ➡ 😇 Mary D’Arcanto
12%
The Crow 😇 Eric Draven
12%
X-23 👿 ➡ 😇 Laura Kinney
12%
Captain Atom 😇 unbekannt (♂, Soldat mit nukl. Kräften)
10%
Collector / Sammler 👿 Taneleer Tivan
10%
Jubilee 😇 Jubilation Lee
10%
Juggernaut 😇 & 😈 Cain Marko
10%
Professor Zoom 👿 Eobard Thawne
10%
Sabretooth 👿 Victor Creed
10%
Jack O'Lantern 👿 Jason Philip Macendale Jr.
9%
Mandarin 👿 M. (angebl. Erbe Dschingis Khan's)
9%
M.O.D.O.K. 👿 George Tarleton
9%
Blue Marvel 😇 Adam Brashear
8%
Captain Cold 👿 Leonard Snart
8%
Cloak 👿 Tyrone „Ty“ Johnson
8%
Dagger 👿 Tandy Bowen
8%
Quake 😇 Daisy Johnson
8%
Rescue 😇 Virginia „Pepper“ Potts
8%
Captain Britain 😇 Brian Braddock
6%
Doctor Light 👿 Arthur Light
6%
Grandmaster 👿 En Dwi Gast
6%
Havok 😇 Alexander "Alex" Summers
6%
Lady Deathstrike 👿 Yuriko Oyama
6%
Martian Manhunter 😇 John Jones
6%
Scorpion 👿 Mac Gargan
6%
Sentry 😇 Robert Reynolds
6%
Whiplash 👿 Mark Scalotti, Ivan Vanko u.a.
6%
Black Manta 👿 unbekannt (♂, Herkunft: Devil's Deep)
5%
Booster Gold 😇 Michael Jon Carter
5%
Doctor Manhattan 😇 Dr. Jonathan "Jon" Osterman
5%
Green Hornet / Grüne Hornisse 😇 Britt Reid
5%
He - Man 😇 Prinz Adam
5%
Nova / Human Rocket 😇 Richard Rider
5%
Squirrel Girl 😇 Doreen Green
5%
Taskmaster 😇 ➡ 👿 Anthony „Tony“ Masters
5%
The Red Bee 😇 Richard "Rick" & Jenna Raleigh
5%
Baron Mordo 👿 Karl Amadeus M.
4%
Black Bolt 😇 B. B. (♂, „Quasi-Sonic-Stream“)
4%
Chamäleon 👿 Dimitri Smerdyakov
4%
Daken 👿 D.(♂, Sohn von Logan)
4%
Hobgoblin 👿 Roderick Kingsley
4%
Man-Wolf / Stargod 😇 John Jameson
4%
Mega Mindy 😇 Mieke Fonkel
4%
Plastic Man 😇 Patrick O'Brian
4%
Speedball 😇 Robbie Baldwin
4%
Thunderball 👿 Dr. Eliot Franklin
4%
Tombstone 👿 Lonnie Lincoln
4%
Wiccan 😇 William „Billy“ Kaplan
4%
Aurora 😇 Jeanne-Marie Beaubier
3%
Beta Ray Bill 😇 B. R. B. (♂, Planet Korbin)
3%
Bishop 😇 & 😈 Lucas B.
3%
Captain Berlin 😇 Fritz Neumann
3%
Elastoman / Elongated Man 😇 Ralph Dibny
3%
Flash Gordon 😇 G. Ferrao
3%
High Evolutionary 👿 Herbert Edgar Wyndham
3%
Kid Eternity 😇 Christopher Freeman
3%
Longshot 😇 unbekannt (♂, aus Mojoworld)
3%
Mockingbird 😇 Barbara "Bobbi" Morse
3%
Mr. Sinister 👿 Nathaniel Essex
3%
Shadowcat 😇 Katherine „Kitty“ Pryde
3%
Animal Man 😇 Bernhard "Buddy" Baker
1%
Caliban 👿 C. (♂, Anführer der Morlocks)
1%
Captain Future 😇 Curtis Newton
1%
Cat - Man 👿 Thomas Reese Blake
1%
Firestar 😇 Angelica Jones
1%
Hydro - Man 👿 Morris "Morrie" Bench
1%
Leader 👿 Samuel Sterns
1%
Major Force 👿 Clifford Zmeck
1%
Neon The Unknown 😇 Thomas "Tom" Corbett
1%
Northstar 😇 Jean-Paul Beaubier
1%
Omega Red 👿 Arcady Rossovich
1%
Polaris 😇 Lorna Dane
1%
Power Girl 😇 Karen Starr /Kara Zor-L
1%
Psylocke 😇 Elizabeth „Betsy“ Braddock
1%
Scarface 👿 Arnold Wesker
1%
Spawn 😇 Al Simmons
1%
Steel 😇 John Henry Irons
1%
Trickshot 😇 Buck Chisholm
1%
Americop 👿 Bartholomew Gallows
0%
Bird - Man 👿 Henry Hawk
0%
Buck Rogers 😇 B. R. (♂, Weltall, Antigravitations - Gürtel)
0%
B’wana Beast 😇 Mike Payson Maxwell
0%
Captain Bumerang 👿 George "Digger"
0%
Captain Canuck 😇 unbekannt (♂, kanadischer Agent)
0%
Champion 👿 Tryco Slatterus
0%
Doc Savage 😇 Clark „Doc“ S. Jr.
0%
Doktor Solar 😇 Dr. Raymond S.
0%
El Diablo 😇? Chato Santana, Rafael Sandoval& Lazarus Lane
0%
Enchantress 👿 Amora
0%
Explorer / Erforscher 👿 Zamanathan Rambunazeth
0%
Fixer 👿 Paul "Bert" Eberso
0%
Foreskin Man 😇 Miles Hastwick
0%
Gardener / Gärtner 👿 Ord Zyonz,
0%
Gorilla - Man 😇 Kenneth „Ken“ Gale
0%
Graviton 👿 Franklin Hall
0%
Hellcat 😇 Patsy Walker
0%
Hourman 😇 Rex Tyler
0%
Hulkling 😇 Theodore „Teddy“ Altman
0%
Kick - Ass 😇 Dave Lizewski
0%
Master Man 👿 Wilhelm Lohmer
0%
Mentallo 👿 Marvin Flumm
0%
Metallo 👿 John Corben
0%
Moondragon 😇 Heather Douglas
0%
Parasite 👿 Rudy Jones
0%
Possessor / Besitzer 👿 Kamo Tharnn
0%
Prankster 👿 Oswald Loomis
0%
Punkt / Spot 👿 Dr. Jonathan Ohnn
0%
Swordsman 😇 Jacques Duquesne
0%
The Question / Das Schemen 😇 Charles Victor Szaszl / Vic Sage
0%
Titanium - Man 👿 Boris Bullski
0%
Turtle 👿 unbekannt (♂, Super - Zeitlupe & Panzer)
0%
Wizard 👿 Bentley Wittman
0%
Keine übereinstimmenden Quizze gefunden
Verteilung der Resultate
Anzahl Personen mit jedem Resultat
Perzentil nach korrekt beantworteten Fragen
Ihre Resultats-Entwicklung
Sie haben dieses Quiz noch nicht gespielt